000
00325nam a2200133Ia 4500
005
20251221002647.0
008
251220s9999||||xx |||||||||||||| ||spa||
020
_a
8440432356
082
_a
340.9/M26
100
_a
Marín López, Antonio
245
0
_a
Derecho Internacional Privado Español
250
_a
7ma.ed.
942
_c
LIB
999
_c
436
_d
436